Sun and Moon era Pokemon Card Sets - Statistics

General Stats
  • This quiz has been taken 2 times
  • The average score is 3 of 16
Answer Stats
Answer % Correct
Sun and Moon
100%
Cosmic Eclipse
50%
Hidden Fates
50%
Team Up
50%
Burning Shadows
0%
Celestial Storm
0%
Crimson Invasion
0%
Detective Pikachu
0%
Dragon Majesty
0%
Forbidden Light
0%
Guardians Rising
0%
Lost Thunder
0%
Shining Legends
0%
Ultra Prism
0%
Unbroken Bonds
0%
Unified Minds
0%
No matching quizzes found
Score Distribution
Percent of People with Each Score
Percentile by Number Answered
Your Score History
You have not taken this quiz